000 00318nam a22001337a 4500
020 _a978-0-8138-1541-1
041 _aENG
100 _aSinha.N.K
245 _aHandbook Of Vegetables And Vegetable Processing
260 _aDelhi
_bWiley - Blackwell
_c2011
300 _a772
650 _aAPE
856 _uAPE (03 )
999 _c1743
_d1743